000 00331nam a22001457a 4500
008 250423b ||||| |||| 00| 0 eng d
020 _a0842303383
041 _aeng
080 _21987
_a101TIM
082 _2101TIM
_a101TIM
100 _a42
101 _aFILOZOFI
245 _aBORN TO WIN
_cLEWIS TIMBERLAKE
942 _2udc
_cBK
999 _c60696
_d60696